La colmena

Đã lưu trong:
Chi tiết về thư mục
Tác giả chính: Cela, Camilo José
Định dạng: Sách
Ngôn ngữ:Undetermined
Được phát hành: Barcelona, España Editorial Bruguera 1983
Phiên bản:5
Những chủ đề:
Các nhãn: Thêm thẻ
Không có thẻ, Là người đầu tiên thẻ bản ghi này!

MARC

LEADER 00000nam a2200000Ia 4500
008 170316s9999 xx 000 0 und d
040 |a cru BVZT 
090 |a 862 C-33c 
100 |a Cela, Camilo José 
245 |a La colmena 
250 |a 5 
260 |a Barcelona, España  |b Editorial Bruguera  |c 1983 
300 |a 323 páginas 
650 |a LITERATURA ESPAÑOLA 
650 |a NOVELA 
942 0 0 |0 1 
999 |c 9658  |d 9658